00410nam a22001457a 4500003000400000005001700004008004100021020001800062040002200080082001900102110004000121245003000161260005400191300001900245OSt20221012203534.0221012b |||||||| |||| 00| 0 eng d a85-85298-07-3 cBiblioteca Lado V a700.74bF981bi aFundacao Bienal de Sao Pauloeautor aXXIV Bienal de Sao Paulo/ aBrasilbDados Internacionais de Catalogacaoc1998 a333p.c21x28cm